フィンエアーの就航都市 - Statistics

General Stats
  • This quiz has been taken 49 times
  • The average score is 35 of 96
Answer Stats
Answer % Correct
東京
94%
ニューヨーク
90%
マドリード
87%
ストックホルム
87%
ソウル
87%
上海
87%
コペンハーゲン
84%
リスボン
84%
オスロ
84%
パリ
84%
大阪
84%
ローマ
81%
バルセロナ
77%
ベルリン
77%
ロンドン
77%
ミラノ
77%
ミュンヘン
77%
バンコク
77%
シンガポール
77%
アムステルダム
74%
フランクフルト
74%
ウィーン
74%
ドバイ
74%
シカゴ
74%
名古屋
71%
ブリュッセル
68%
ワルシャワ
68%
デリー
65%
香港
65%
ヘルシンキ
61%
ブダペスト
61%
プラハ
61%
レイキャビク
61%
ナポリ
58%
ダブリン
55%
マンチェスター
55%
タリン
55%
ドーハ
55%
ダラス
52%
マイアミ
52%
ハンブルク
48%
リガ
45%
シアトル
45%
エディンバラ
32%
クラクフ
32%
ニース
32%
ロヴァニエミ
29%
トゥルク
29%
デュッセルドルフ
29%
チューリヒ
29%
オウル
26%
タンペレ
26%
ベルゲン
23%
リュブリャナ
23%
ヴェネツィア
23%
アンタルヤ
19%
ヴィリニュス
16%
ケミ
13%
ジュネーヴ
13%
ボローニャ
10%
ヨーテボリ
10%
インスブルック
10%
マラガ
10%
ザルツブルク
10%
コッコラ
6%
マリエハムン
6%
ドゥブロヴニク
6%
グダニスク
6%
トロンハイム
6%
ユヴァスキュラ
3%
キッティラ
3%
クオピオ
3%
アリカンテ
3%
サントリーニ
3%
テネリフェ
3%
トロムソ
3%
プーケット
3%
イヴァロ
0%
ヨエンスー
0%
カヤーニ
0%
クーサモ
0%
ヴァーサ
0%
アランヤ
0%
ビルン
0%
ハニア
0%
ファロ
0%
グラン・カナリア
0%
イラクリオン
0%
ラルナカ
0%
マデイラ
0%
ロドス
0%
スプリト
0%
タルトゥ
0%
ヴェローナ
0%
ヴィスビュー
0%
ヴロツワフ
0%
No matching quizzes found
Score Distribution
Percent of People with Each Score
Percentile by Number Answered
Your Score History
You have not taken this quiz